| 000 | 00658nam a2200229Ia 4500 | ||
|---|---|---|---|
| 008 | 160319s9999 xx 000 0 und d | ||
| 020 | _a971-23-3396-5 | ||
| 050 | _aFIL RT 50.5 | ||
| 050 | _b.A33 2002 c.1 | ||
| 100 | _aAdanza, Estela Galicano- | ||
| 245 | _aMethods of research for the health professions / | ||
| 245 | _cEstela Galicano-Adanza, Fe Nazareno-Martinez. | ||
| 260 | _aManila: | ||
| 260 | _bRex Book Store, Inc., | ||
| 260 | _c2002 | ||
| 300 | _a248 pages : | ||
| 300 | _billustrations ; | ||
| 300 | _c22 cm. | ||
| 500 | _aIncludes bibliographical references. | ||
| 650 | _aHealth -- Research. | ||
| 650 | _xMedical -- Research. | ||
| 999 |
_c291946 _d291946 |
||